=LDR 00000nam 2200000 4500 =001 INLIS000000000025911 =005 20130612124402 =008 ***********************************Ind** =035 ##$$0010-061300000025911 =041 ##$$a Ind =082 ##$$a 749 =090 ##$$a 749, Ber b =100 ##$$a Marah, Risman =245 ##$$a Berbagai pola kain tenun, Dan kehidupan pengerajinnya, Risman Marah =260 ##$$a 1989 $b Jakarta =300 ##$$a 68 hlm, ilus, 23 cm =650 ##$$a Kain tenun =850 ##$$a NBPNMAT